[Event "Rasht Father Cup Rapid 2nd"]
[Site "Rasht"]
[Date "2023.12.08"]
[Round "2"]
[White "Tahbaz, Arash"]
[Black "Kalvandi, Mohammad Naeim"]
[Result "1-0"]
[WhiteElo "2423"]
[BlackElo "1729"]
[PlyCount "41"]
[EventDate "2023.12.08"]
[EventType "swiss (rapid)"]
[EventRounds "11"]
[EventCountry "IRI"]
[SourceTitle "CBM 217 Extra"]
[Source "ChessBase"]
[SourceDate "2024.01.31"]
[SourceVersion "1"]
[SourceVersionDate "2024.01.31"]
[SourceQuality "1"]

1. Nf3 Nf6 2. g3 g6 3. Bg2 Bg7 4. 0-0 0-0 5. d3 d5 6. Nbd2 c5 7. e4 dxe4 8. dxe4 Nc6 9. Re1 e5 10. c3 Qc7 11. Qe2 Bg4 12. Nc4 b5 13. Ne3 Bxf3 14. Bxf3 a6 15. Nd5 Qb7 16. Bg5 Nd7 17. Red1 h6 18. Be3 Rad8 19. a4 f5 20. exf5 gxf5 21. Ne7+ 1-0

[Event "IRI-ch U14"]
[Site "Chess.com INT"]
[Date "2021.01.16"]
[Round "7"]
[White "Kalvandi, Mohammad Naeim"]
[Black "Golshaani, Taha"]
[Result "1/2-1/2"]
[WhiteElo "1662"]
[BlackElo "1421"]
[PlyCount "122"]
[EventDate "2021.01.16"]
[EventType "swiss"]
[EventRounds "11"]
[EventCountry "IRI"]
[SourceTitle "EXT 2022"]
[Source "ChessBase"]
[SourceDate "2021.10.06"]
[SourceVersion "1"]
[SourceVersionDate "2021.10.06"]
[SourceQuality "1"]

1. e4 c5 2. Nf3 g6 3. d3 Bg7 4. g3 Nc6 5. Bg2 e6 6. 0-0 Nge7 7. Re1 0-0 8. c3 d5 9. exd5 exd5 10. Bg5 Be6 11. Nbd2 Qb6 12. Qb3 h6 13. Bf4 Qa6 14. Bf1 b5 15. a4 b4 16. cxb4 cxb4 17. Rac1 Nf5 18. Qd1 Rac8 19. Nb3 Qb6 20. Nc5 Rfe8 21. Nxe6 fxe6 22. Rc2 Ncd4 23. Rxc8 Rxc8 24. Be5 Nxf3+ 25. Qxf3 Bxe5 26. Rxe5 Rf8 27. Qg4 Kg7 28. Kg2 Qd4 29. Qxd4 Nxd4 30. f4 Rc8 31. b3 Kf6 32. Re1 Rc2+ 33. Kh3 h5 34. Rb1 Rc3 35. g4 Rxb3 36. Rxb3 Nxb3 37. gxh5 gxh5 38. Kh4 Kg6 39. Be2 Nd2 40. Bxh5+ Kh6 41. Bd1 b3 42. Kg4 b2 43. Bc2 b1Q 44. Bxb1 Nxb1 45. f5 e5 46. h4 Nc3 47. h5 e4 48. dxe4 dxe4 49. f6 e3 50. Kf3 e2 51. Kf2 Kh7 52. a5 a6 53. Ke1 Kh6 54. Kd2 Ne4+ 55. Kxe2 Nxf6 56. Kd3 Kxh5 57. Kd4 Nd7 58. Kd5 Kg5 59. Kc6 Ne5+ 60. Kb6 Nc4+ 61. Kxa6 Nxa5 1/2-1/2

[Event "IRI-ch U14"]
[Site "Chess.com INT"]
[Date "2021.01.16"]
[Round "1"]
[White "Kalvandi, Mohammad Naeim"]
[Black "Nooraei, Nima"]
[Result "1-0"]
[WhiteElo "1662"]
[BlackElo "1018"]
[PlyCount "81"]
[EventDate "2021.01.16"]
[EventType "swiss"]
[EventRounds "11"]
[EventCountry "IRI"]
[SourceTitle "EXT 2022"]
[Source "ChessBase"]
[SourceDate "2021.10.06"]
[SourceVersion "1"]
[SourceVersionDate "2021.10.06"]
[SourceQuality "1"]

1. e4 e5 2. Nf3 Nc6 3. Bb5 d6 4. 0-0 Nf6 5. d3 Bd7 6. Bg5 Be7 7. c3 h6 8. Bxf6 Bxf6 9. Nbd2 a6 10. Bxc6 Bxc6 11. Re1 0-0 12. Nc4 b6 13. d4 Re8 14. d5 Bb7 15. Ne3 Bc8 16. c4 Bd7 17. Rc1 c5 18. dxc6 Bxc6 19. Nd5 Bxd5 20. cxd5 Rc8 21. Qa4 a5 22. Qb5 Rc5 23. Rxc5 bxc5 24. Nd2 Qa8 25. Nc4 Rb8 26. Qd7 Rd8 27. Qc7 Qa6 28. b3 a4 29. g3 axb3 30. axb3 Kf8 31. Kg2 Be7 32. Ne3 Qc8 33. Qa5 Bg5 34. Nc4 Be7 35. Ra1 Ke8 36. Qb5+ Kf8 37. Ra7 Bg5 38. Qc6 Qxc6 39. dxc6 Rb8 40. c7 Rc8 41. Nxd6 1-0

[Event "IRI-ch U14"]
[Site "Chess.com INT"]
[Date "2021.01.16"]
[Round "4"]
[White "Naeimi Omran, Aria"]
[Black "Kalvandi, Mohammad Naeim"]
[Result "0-1"]
[WhiteElo "1272"]
[BlackElo "1662"]
[PlyCount "128"]
[EventDate "2021.01.16"]
[EventType "swiss"]
[EventRounds "11"]
[EventCountry "IRI"]
[SourceTitle "EXT 2022"]
[Source "ChessBase"]
[SourceDate "2021.10.06"]
[SourceVersion "1"]
[SourceVersionDate "2021.10.06"]
[SourceQuality "1"]

1. d4 Nf6 2. c4 g6 3. Nc3 Bg7 4. e4 d6 5. Nf3 0-0 6. Be2 e5 7. d5 a5 8. 0-0 Na6 9. Be3 Nd7 10. Nd2 f5 11. f3 f4 12. Bf2 g5 13. a3 Nf6 14. Rc1 h5 15. h3 b6 16. Na2 Nc5 17. Nc3 a4 18. Bxc5 bxc5 19. Nxa4 Bd7 20. Nc3 Qc8 21. Kh2 g4 22. hxg4 hxg4 23. fxg4 Nxg4+ 24. Bxg4 Bxg4 25. Nf3 Rf6 26. Rh1 Rh6+ 27. Kg1 Rxh1+ 28. Kxh1 Qe8 29. Kg1 Qh5 30. Kf2 Kf7 31. Qh1 Qg6 32. Qd1 Bf6 33. Qe2 Rh8 34. Ke1 Rg8 35. Rc2 Qh5 36. Nb5 Bd8 37. b4 cxb4 38. axb4 Qh1+ 39. Qf1 Bh4+ 40. Nxh4 Qxh4+ 41. Kd2 Qg3 42. Rc3 Qh2 43. c5 f3 44. cxd6 Qxg2+ 45. Qxg2 fxg2 46. Rc1 Bd7 47. Rg1 Bxb5 48. dxc7 Bf1 49. d6 Ke6 50. b5 Kxd6 51. b6 Kc6 52. Kc3 Kxb6 53. Kb4 Kxc7 54. Kc5 Rd8 55. Kb4 Rd4+ 56. Kc5 Rxe4 57. Kd5 Re1 58. Kc5 e4 59. Kd4 e3 60. Kc3 e2 61. Kd2 Rd1+ 62. Kc2 e1Q 63. Kb3 Rb1+ 64. Ka4 Qb4# 0-1

[Event "IRI-ch U14"]
[Site "Chess.com INT"]
[Date "2021.01.16"]
[Round "2"]
[White "Sadeghi, Benyamin"]
[Black "Kalvandi, Mohammad Naeim"]
[Result "0-1"]
[WhiteElo "1190"]
[BlackElo "1662"]
[PlyCount "148"]
[EventDate "2021.01.16"]
[EventType "swiss"]
[EventRounds "11"]
[EventCountry "IRI"]
[SourceTitle "EXT 2022"]
[Source "ChessBase"]
[SourceDate "2021.10.06"]
[SourceVersion "1"]
[SourceVersionDate "2021.10.06"]
[SourceQuality "1"]

1. e4 c5 2. Nf3 d6 3. d4 cxd4 4. Nxd4 Nf6 5. Nc3 g6 6. Be3 Bg7 7. Bd3 0-0 8. 0-0 Ng4 9. Qd2 Nxe3 10. Qxe3 Qb6 11. Nb3 Qxe3 12. fxe3 Nc6 13. Bb5 Be6 14. Bxc6 bxc6 15. Nd4 Bc4 16. Rfe1 c5 17. Nf3 Rab8 18. Reb1 Rb7 19. Nd2 Be6 20. Nb3 Rb4 21. a3 Rb7 22. Na5 Rb6 23. Nd5 Bxd5 24. exd5 Rxb2 25. Rxb2 Bxb2 26. Ra2 Bf6 27. Nc6 e6 28. dxe6 fxe6 29. Nxa7 Bg5 30. Ra1 Bxe3+ 31. Kh1 d5 32. h3 d4 33. Re1 Rf2 34. c3 dxc3 35. Rxe3 Rf1+ 36. Kh2 c2 37. Rc3 c1Q 38. Rxc1 Rxc1 39. Nb5 Rb1 40. Nc3 Rb3 41. Ne4 Rxa3 42. Nxc5 Kf7 43. Ne4 h6 44. Nd6+ Ke7 45. Nc4 Rc3 46. Ne5 Kf6 47. Ng4+ Kg5 48. Ne5 Kf5 49. Ng4 h5 50. Nf2 e5 51. Nd1 Rd3 52. Nf2 Rd2 53. Nh1 h4 54. Kg1 Rd1+ 55. Kh2 Rxh1+ 56. Kxh1 Kf4 57. Kg1 Kg3 58. Kf1 e4 59. Ke2 Kxg2 60. Ke3 Kxh3 61. Kxe4 Kg2 62. Kf4 h3 63. Kg5 h2 64. Kxg6 h1Q 65. Kf6 Qh5 66. Ke6 Qg5 67. Kd7 Qf6 68. Kc8 Qe7 69. Kb8 Qd7 70. Ka8 Kf3 71. Kb8 Ke4 72. Ka8 Kd5 73. Kb8 Kc6 74. Ka8 Qb7# 0-1